April showers? National spatial planning in Scotland (Record no. 117662)
[ view plain ]
| 000 -LEADER | |
|---|---|
| fixed length control field | 01065cam a2200241 4500 |
| 001 - CONTROL NUMBER | |
| control field | ABS68052 |
| 008 - FIXED-LENGTH DATA ELEMENTS--GENERAL INFORMATION | |
| fixed length control field | 040707n2004 000 0 eng u |
| 035 ## - SYSTEM CONTROL NUMBER | |
| System control number | (Sirsi) u126725 |
| 100 ## - MAIN ENTRY--PERSONAL NAME | |
| Personal name | Lloyd, G. |
| 245 ## - TITLE STATEMENT | |
| Title | April showers? National spatial planning in Scotland |
| 260 ## - PUBLICATION, DISTRIBUTION, ETC. | |
| Date of publication, distribution, etc. | 2004 |
| 490 ## - SERIES STATEMENT | |
| Series statement | Scottish Planning and Environmental Law |
| Volume/sequential designation | (103) June 2004, 56-58(3) |
| 520 ## - SUMMARY, ETC. | |
| Summary, etc. | Considers the nature of the National Planning Framework (NPF) in providing the required vision for Scotland. The aim of the NPF is to modernise planning practice in Scotland and to make planning administration more effective with greater transparency in process and outcome. As part of this drive, the Scottish Executive has also launched two consultation papers on the reform of development plans and the rights of appeal in planning. |
| 590 ## - LOCAL NOTE (RLIN) | |
| Local note | ABS |
| 590 ## - LOCAL NOTE (RLIN) | |
| Local note | ABS |
| 650 ## - SUBJECT ADDED ENTRY--TOPICAL TERM | |
| Topical term or geographic name entry element | SPATIAL PLANNING |
| 650 ## - SUBJECT ADDED ENTRY--TOPICAL TERM | |
| Topical term or geographic name entry element | NATIONAL PLANNING POLICY |
| 650 ## - SUBJECT ADDED ENTRY--TOPICAL TERM | |
| Topical term or geographic name entry element | SCOTLAND |
| 650 ## - SUBJECT ADDED ENTRY--TOPICAL TERM | |
| Topical term or geographic name entry element | PLANNING PROCEDURE |
| 690 ## - LOCAL SUBJECT ADDED ENTRY--TOPICAL TERM (OCLC, RLIN) | |
| Topical term or geographic name as entry element | PLANNING-PRACTICE |
| 700 ## - ADDED ENTRY--PERSONAL NAME | |
| Personal name | Peel, D. |
| 942 ## - ADDED ENTRY ELEMENTS (KOHA) | |
| Suppress in OPAC | 0 |
| Withdrawn status | Lost status | Source of classification or shelving scheme | Damaged status | Not for loan | Home library | Current library | Shelving location | Date acquired | Total Checkouts | Full call number | Barcode | Date last seen | Copy number | Price effective from | Koha item type |
|---|---|---|---|---|---|---|---|---|---|---|---|---|---|---|---|
| Dewey Decimal Classification | London | London | Journal article | 07/07/2004 | ABS68052 | 126725-1001 | 06/08/2019 | 1 | 06/08/2019 | Journal article |